Labour-management relations in India (Record no. 77333)

MARC details
000 -LEADER
fixed length control field 00672cam a22002291 4500
001 - CONTROL NUMBER
control field sa 68000620
003 - CONTROL NUMBER IDENTIFIER
control field DLC
005 - DATE AND TIME OF LATEST TRANSACTION
control field 20260227112425.0
008 - FIXED-LENGTH DATA ELEMENTS--GENERAL INFORMATION
fixed length control field 710901s1967 nyu 000 0 eng
010 ## - LIBRARY OF CONGRESS CONTROL NUMBER
LC control number sa 68000620
040 ## - CATALOGING SOURCE
Original cataloging agency DLC
Transcribing agency DLC
Modifying agency DLC
043 ## - GEOGRAPHIC AREA CODE
Geographic area code a-ii---
050 00 - LIBRARY OF CONGRESS CALL NUMBER
Classification number HD6812
Item number .S9 1967b
082 00 - DEWEY DECIMAL CLASSIFICATION NUMBER
Classification number 331.1/9/54
100 1# - MAIN ENTRY--PERSONAL NAME
Personal name Subramanian, Kavasseri Narayana,
Dates associated with a name 1909-
245 10 - TITLE STATEMENT
Title Labour-management relations in India
Statement of responsibility, etc. [by] K. N. Subramanian.
260 ## - PUBLICATION, DISTRIBUTION, ETC.
Place of publication, distribution, etc. New York,
Name of publisher, distributor, etc. Asia Pub. House
Date of publication, distribution, etc. [c1967]
300 ## - PHYSICAL DESCRIPTION
Extent xxi, 658 p.
Dimensions 24 cm.
650 #0 - SUBJECT ADDED ENTRY--TOPICAL TERM
Topical term or geographic name entry element Labor unions
Geographic subdivision India.
650 #0 - SUBJECT ADDED ENTRY--TOPICAL TERM
Topical term or geographic name entry element Industrial relations
Geographic subdivision India.
650 #0 - SUBJECT ADDED ENTRY--TOPICAL TERM
Topical term or geographic name entry element Collective bargaining
Geographic subdivision India.

No items available.

Powered by Koha